Migliorare il mondo è un gioco da ragazzi, anzi un concorso (english version)

Na minha lista:
Detalhes bibliográficos
Autor Corporativo: Global Junior Challenge
Formato: Livro
Idioma:inglês
Tags: Adicionar Tag
Sem tags, seja o primeiro a adicionar uma tag!

MARC

LEADER 00000nam a2200000 4500
005 20240724164036.0
008 240724b |||||||| |||| 00| 0 eng d
040 |c GP 
110 |a Global Junior Challenge 
245 |a Migliorare il mondo è un gioco da ragazzi, anzi un concorso (english version) 
942 |2 ddc  |c BK  |n 0 
952 |0 0  |1 0  |2 ddc  |4 0  |6 780_000000000000000_GLO  |7 1  |9 1686  |a RM  |b RM  |d 2024-07-24  |l 0  |o 780 GLO  |p 245  |r 2024-07-24 16:40:56  |w 2024-07-24  |y BK 
999 |c 1499  |d 1499